[Event "7th Asia-ch"]
[Site "Subic Bay PHI"]
[Date "2009.05.13"]
[Round "1"]
[White "Al-Sayed, Mohamad Naser"]
[Black "Novita, Anjas"]
[Result "0-1"]
[WhiteElo "2496"]
[BlackElo "2345"]
[EventDate "2009.05.13"]
[PlyCount "52"]

1.d4 Nf6 2.c4 e6 3.Nc3 d5 4.cxd5 exd5 5.Bg5 Be7 6.e3 O-O 7.Bd3 c6 8.Nge2 
Ne4 9.Bxe7 Qxe7 10.Bxe4 dxe4 11.Qc2 Re8 12.O-O Nd7 13.d5 Nf6 14.dxc6 bxc6 
15.Rfd1 Ba6 16.Qa4 Qb7 17.Qa3 Rab8 18.b3 h6 19.Rd6 Qe7 20.Qc5 Nd7 21.Qd4 
c5 22.Qd5 Nb6 23.Qxc5 Rbc8 24.Qb4 Bxe2 25.Nxe2 Nd5 26.Qa3 Rc6 0-1

[Event "7th Asia-ch"]
[Site "Subic Bay PHI"]
[Date "2009.05.13"]
[Round "1"]
[White "Jia Haoxiang"]
[Black "Deepan Chakravarthy, Jeyakumar"]
[Result "1/2-1/2"]
[WhiteElo "2344"]
[BlackElo "2482"]
[EventDate "2009.05.13"]
[PlyCount "62"]

1.d4 d5 2.c4 c6 3.Nf3 Nf6 4.e3 e6 5.Qc2 Nbd7 6.b3 Bb4+ 7.Bd2 Bd6 8.Nc3 O-O
9.Be2 a6 10.e4 e5 11.cxd5 cxd5 12.Nxd5 Nxd5 13.exd5 exd4 14.O-O Nf6 15.Bg5
Be7 16.Rad1 Nxd5 17.Bxe7 Qxe7 18.Nxd4 Nb4 19.Qd2 Bd7 20.Bf3 Rab8 21.Rfe1 
Qc5 22.a3 Nc6 23.Bxc6 Bxc6 24.b4 Qd5 25.Nxc6 Qxc6 26.Qd7 a5 27.bxa5 Qc5 
28.Rd5 Qxa3 29.h3 b6 30.Qe7 Qxe7 31.Rxe7 g6 1/2-1/2

[Event "7th Asia-ch"]
[Site "Subic Bay PHI"]
[Date "2009.05.13"]
[Round "1"]
[White "Yu Lie"]
[Black "Bitoon, Richard"]
[Result "1/2-1/2"]
[WhiteElo "2307"]
[BlackElo "2479"]
[EventDate "2009.05.13"]
[PlyCount "113"]

1.e4 c5 2.Nf3 d5 3.d4 cxd4 4.Nxd4 Nf6 5.Nc3 Nc6 6.f3 e5 7.Nb3 Be6 8.Be3 
Be7 9.Qd2 O-O 10.Nxd5 Bxd5 11.exd5 Nb8 12.Be2 a5 13.c4 Nbd7 14.O-O b6 15.
Nc1 Nc5 16.b3 Ra7 17.Nd3 Nfd7 18.Rab1 Qc7 19.Bd1 Nxd3 20.Qxd3 Nc5 21.Qd2 
Bf6 22.Bc2 g5 23.f4 exf4 24.Bxf4 Nd7 25.Bd3 Be5 26.Be3 Re8 27.Rbe1 Nc5 28.
Bc2 Qd8 29.Bxg5 Qc8 30.Qc3 Nd7 31.Qf3 f6 32.Bh6 f5 33.Kh1 Nf6 34.Be3 Qd8 
35.Bg1 Rae7 36.g3 h5 37.Re2 Rh7 38.h3 Rf8 39.Kg2 Nd7 40.Be3 Bf6 41.Qf4 Be5
42.Qg5+ Qxg5 43.Bxg5 Rhf7 44.Ree1 Kg7 45.Bd1 Nc5 46.Bc2 Nd7 47.Bd1 Nf6 48.
Bc2 Rc8 49.Bd3 Nd7 50.g4 hxg4 51.hxg4 Rh8 52.Rh1 Rxh1 53.Rxh1 fxg4 54.Bh6+
Kg8 55.Be3 Kg7 56.Bh6+ Kg8 57.Be3 1/2-1/2

[Event "7th Asia-ch"]
[Site "Subic Bay PHI"]
[Date "2009.05.13"]
[Round "1"]
[White "Nolte, Rolando"]
[Black "Al-Huwar, Jasem"]
[Result "1/2-1/2"]
[WhiteElo "2479"]
[BlackElo "2293"]
[EventDate "2009.05.13"]
[PlyCount "101"]

1.e4 e6 2.d4 d5 3.Nc3 dxe4 4.Nxe4 Nd7 5.Nf3 Ngf6 6.Bd3 Nxe4 7.Bxe4 Nf6 8.
Bd3 c5 9.O-O cxd4 10.Nxd4 Bc5 11.Nf3 O-O 12.Bg5 h6 13.Bh4 b6 14.Qe2 Bb7 
15.Rad1 Qc7 16.Bxf6 gxf6 17.Be4 Rfd8 18.g3 Bxe4 19.Qxe4 f5 20.Qe5 Qxe5 21.
Nxe5 Rd4 22.Nf3 Rdd8 23.Kg2 Be7 24.c3 Bf6 25.Rfe1 Kg7 26.Kf1 Kf8 27.Ke2 
Ke7 28.a4 Rac8 29.Rxd8 Rxd8 30.Nd2 Rd5 31.Nc4 Rc5 32.Kd3 Ra5 33.Kc2 f4 34.
gxf4 Rh5 35.Ne3 Bh8 36.h4 Kd7 37.Rd1+ Kc7 38.Ng2 Bf6 39.Rd3 Be7 40.Rg3 Bc5
41.Rg7 Rf5 42.f3 Bd6 43.Rg5 Kd7 44.b4 a5 45.b5 Ke7 46.c4 Kf8 47.Kd3 Bc5 
48.Rg3 Bd6 49.Rg4 Bc5 50.Ke2 Bd4 51.Kd3 1/2-1/2

[Event "7th Asia-ch"]
[Site "Subic Bay PHI"]
[Date "2009.05.13"]
[Round "1"]
[White "Garcia, Jan Emmanuel"]
[Black "Toufighi, Homayoon"]
[Result "1/2-1/2"]
[WhiteElo "2292"]
[BlackElo "2478"]
[EventDate "2009.05.13"]
[PlyCount "93"]

1.c4 e6 2.Nc3 d5 3.cxd5 exd5 4.d4 Nf6 5.Bg5 Be7 6.e3 O-O 7.Nf3 c5 8.dxc5 
Be6 9.Bd3 Nbd7 10.b4 b6 11.Na4 bxc5 12.Nxc5 Nxc5 13.bxc5 Qa5+ 14.Qd2 Qxc5 
15.O-O Rfc8 16.Rfc1 Qa3 17.Nd4 Bd7 18.Rxc8+ Rxc8 19.Rb1 h6 20.Bxf6 Bxf6 
21.Bf5 Bxf5 22.Nxf5 Qc5 23.Nd4 Bxd4 24.exd4 Qxd4 25.g3 Re8 26.Rc1 Qb6 27.
Kg2 Re2 28.Rc8+ Kh7 29.Rc6 Qb5 30.Rc5 Qe8 31.Qd3+ Qe4+ 32.Qf3 Re1 33.Qxe4+
dxe4 34.Ra5 Rd1 35.Rxa7 f5 36.Rd7 Rd2 37.Re7 Kg6 38.a4 Rd4 39.a5 Ra4 40.
Ra7 Ra2 41.Kg1 Kf6 42.Ra8 Kg5 43.h3 h5 44.a6 h4 45.a7 Kg6 46.Kf1 Kh7 47.
Rf8 1/2-1/2

[Event "7th Asia-ch"]
[Site "Subic Bay PHI"]
[Date "2009.05.13"]
[Round "1"]
[White "Villamayor, Buenaventura"]
[Black "Nguyen Hoang Nam"]
[Result "1-0"]
[WhiteElo "2474"]
[BlackElo "2281"]
[EventDate "2009.05.13"]
[PlyCount "107"]

1.Nf3 Nf6 2.c4 c6 3.g3 d5 4.Bg2 dxc4 5.a4 g6 6.Na3 c3 7.bxc3 Bg7 8.O-O O-O
9.Rb1 Qa5 10.Nc4 Qa6 11.Nfe5 Nbd7 12.Ba3 Nxe5 13.Nxe5 Bf5 14.Rb2 Nd7 15.
Nxd7 Bxd7 16.Re1 Rfe8 17.d4 Rad8 18.e3 Bc8 19.Qb3 e5 20.Ra1 Qa5 21.Bc5 h5 
22.h4 Bf6 23.Qb4 Qxb4 24.Bxb4 Be6 25.a5 a6 26.Bc5 Rd7 27.Rab1 Bd8 28.Rxb7 
Bxa5 29.Rxd7 Bxd7 30.Rb3 exd4 31.cxd4 Ra8 32.Rb7 Be8 33.Bf1 Bd8 34.Bc4 a5 
35.e4 a4 36.e5 a3 37.Ba2 g5 38.hxg5 Bxg5 39.f4 Bh6 40.f5 Bf8 41.e6 Bxc5 
42.exf7+ Bxf7 43.Bxf7+ Kf8 44.dxc5 a2 45.Bxa2 Rxa2 46.Rh7 Rc2 47.Rxh5 Kf7 
48.g4 Rxc5 49.Kg2 Rd5 50.Kg3 c5 51.Rh7+ Kf6 52.Rh6+ Ke7 53.Re6+ Kd7 54.Re4
1-0

[Event "7th Asia-ch"]
[Site "Subic Bay PHI"]
[Date "2009.05.13"]
[Round "1"]
[White "Chua, Aaron"]
[Black "Harika, Dronavalli"]
[Result "0-1"]
[WhiteElo "2116"]
[BlackElo "2474"]
[EventDate "2009.05.13"]
[PlyCount "86"]

1.e4 e5 2.Nf3 Nc6 3.Bb5 Nf6 4.O-O Bc5 5.d3 Nd4 6.Nxd4 Bxd4 7.c3 Bb6 8.Bg5 
h6 9.Bh4 O-O 10.Nd2 c6 11.Bc4 d6 12.Bb3 g5 13.Bg3 Bg4 14.Qe1 Nh5 15.Nc4 
Nxg3 16.hxg3 Kg7 17.Ne3 Bxe3 18.Qxe3 f5 19.exf5 Bxf5 20.d4 exd4 21.Qxd4+ 
Qf6 22.Rad1 d5 23.Rfe1 Qxd4 24.Rxd4 Rae8 25.Rdd1 Kf6 26.f3 b5 27.Kf2 a5 
28.Rxe8 Rxe8 29.Re1 Rxe1 30.Kxe1 Ke5 31.Kd2 d4 32.Bf7 c5 33.a3 Bd7 34.Bg6 
Be6 35.Be8 Bc4 36.Bc6 h5 37.Ke1 h4 38.gxh4 gxh4 39.Bd7 Kf4 40.Bc6 Ke3 41.
cxd4 cxd4 42.b3 Be2 43.b4 d3 0-1

[Event "7th Asia-ch"]
[Site "Subic Bay PHI"]
[Date "2009.05.14"]
[Round "2"]
[White "Harika, Dronavalli"]
[Black "Ganguly, Surya Shekhar"]
[Result "0-1"]
[WhiteElo "2474"]
[BlackElo "2625"]
[EventDate "2009.05.13"]
[PlyCount "292"]

1.d4 Nf6 2.c4 g6 3.g3 Bg7 4.Bg2 O-O 5.Nc3 d6 6.Nf3 Nbd7 7.O-O e5 8.e4 exd4
9.Nxd4 Nc5 10.h3 Re8 11.Re1 Bd7 12.Bf4 h6 13.Nb3 Na4 14.Nxa4 Bxa4 15.Qc2 
Nd7 16.Qd2 Bxb3 17.axb3 Nc5 18.Qc2 a5 19.Bd2 b6 20.Bc3 Rc8 21.f4 Re7 22.
Rad1 Qf8 23.b4 axb4 24.Bxb4 Rce8 25.Kh2 Bf6 26.e5 dxe5 27.Bxc5 bxc5 28.f5 
g5 29.Qe4 Rd8 30.Qc6 Kg7 31.Qxc5 Rxd1 32.Rxd1 e4 33.Re1 Qe8 34.Qe3 Bxb2 
35.Bxe4 Bf6 36.Re2 Qa4 37.Qd3 Rd7 38.Qc2 Qa1 39.Qa2 Qf1 40.Rf2 Qc1 41.Qc2 
Qa1 42.Qa2 Qd4 43.Bd5 Rd8 44.Re2 Rb8 45.c5 Qd1 46.Rd2 Qe1 47.Re2 Qc3 48.
Rc2 Qd3 49.Rd2 Qe3 50.Re2 Qxc5 51.Bxf7 Qxf5 52.Bh5 Be5 53.Qa3 Bd6 54.Qc3+ 
Qf6 55.Qc2 Rf8 56.Qe4 Kh8 57.Qd3 Ra8 58.Qd5 Rd8 59.Kg2 Rf8 60.Bf3 Kg7 61.
Re6 Qb2+ 62.Re2 Qc3 63.Qe4 Rf7 64.Qd5 Rf8 65.Qe4 Qf6 66.Qd5 Rb8 67.Qc6 Rf8
68.Qd5 Qf5 69.Qc6 h5 70.Qe4 Qf7 71.Qd4+ Kh6 72.Qe4 Kg7 73.Qd4+ Kh6 74.Qe4 
Qg6 75.Qxg6+ Kxg6 76.Re6+ Kf5 77.Rh6 Rb8 78.g4+ hxg4 79.Bxg4+ Ke5 80.Rg6 
Rb2+ 81.Kf3 Rb3+ 82.Ke2 Kf4 83.Rf6+ Kg3 84.Rf1 Bf4 85.Rg1+ Kh2 86.Rd1 Kg2 
87.Rd3 Rb2+ 88.Kd1 Rb1+ 89.Kc2 Rc1+ 90.Kb3 Be5 91.Re3 Bd4 92.Re2+ Kg3 93.
Rc2 Rb1+ 94.Kc4 c5 95.Kd5 Re1 96.Bd7 Re7 97.Bc8 Re8 98.Bg4 Re5+ 99.Kc4 Re4
100.Kd5 Re8 101.Rd2 Kf4 102.Rd1 Bf2 103.Rf1 Rd8+ 104.Kc4 Kg3 105.Rb1 Rd4+ 
106.Kc3 Be3 107.Rf1 Bd2+ 108.Kc2 c4 109.Be6 c3 110.Rg1+ Kf2 111.Rg4 Rd6 
112.Bf5 Rf6 113.Bd7 Rh6 114.Bc8 Rh8 115.Bf5 Ke3 116.Re4+ Kf3 117.Rg4 Rb8 
118.Kd3 Rd8+ 119.Kc2 Rf8 120.Be6 Rh8 121.Bf5 Rf8 122.Be6 Rb8 123.Kd3 Rd8+ 
124.Kc2 Re8 125.Bd5+ Ke3 126.h4 Rd8 127.Be6 Rb8 128.Bb3 Kf3 129.Rd4 g4 
130.Bd5+ Kg3 131.Be6 Rb2+ 132.Kd3 Bf4 133.Kxc3 Rb6 134.Re4 Kxh4 135.Bd5 
Kg5 136.Re6 Rb8 137.Be4 Rg8 138.Kd3 Kh4 139.Rg6 Rd8+ 140.Ke2 Re8 141.Kd3 
g3 142.Bf5 Bg5 143.Rb6 Re3+ 144.Kc2 g2 145.Rb4+ Kg3 146.Rg4+ Kf2 0-1

[Event "7th Asia-ch"]
[Site "Subic Bay PHI"]
[Date "2009.05.14"]
[Round "2"]
[White "Le Quang Liem"]
[Black "Gao Rui"]
[Result "1/2-1/2"]
[WhiteElo "2591"]
[BlackElo "2500"]
[EventDate "2009.05.13"]
[PlyCount "68"]

1.Nf3 c5 2.c4 Nc6 3.d4 cxd4 4.Nxd4 Nf6 5.Nc3 e6 6.a3 Bc5 7.Nf3 Be7 8.g3 
O-O 9.Bg2 b6 10.O-O Ba6 11.Nd2 Rc8 12.b4 Bb7 13.Bb2 Qc7 14.Rc1 Qb8 15.Nce4
Nxe4 16.Nxe4 f5 17.Nd2 Bf6 18.Bxf6 Rxf6 19.Nf3 Rd8 20.Qd2 Ne7 21.Rfd1 d6 
22.Rc3 Be4 23.Ne1 Bxg2 24.Nxg2 Qc7 25.h4 Kh8 26.Nf4 e5 27.Nd5 Nxd5 28.cxd5
Qd7 29.f4 Rg6 30.Rf1 Re8 31.Kh2 h6 32.Qc2 exf4 33.Rxf4 Rf6 34.Rcf3 Qb5 
1/2-1/2

[Event "7th Asia-ch"]
[Site "Subic Bay PHI"]
[Date "2009.05.14"]
[Round "2"]
[White "Gupta, Abhijeet"]
[Black "Villamayor, Buenaventura"]
[Result "1-0"]
[WhiteElo "2570"]
[BlackElo "2474"]
[EventDate "2009.05.13"]
[PlyCount "85"]

1.d4 d5 2.c4 c6 3.Nf3 Nf6 4.Nc3 e6 5.g3 Nbd7 6.Bg2 Bd6 7.O-O O-O 8.Nd2 h6 
9.e4 dxe4 10.Ndxe4 Nxe4 11.Nxe4 Bc7 12.Nc3 Nb6 13.b3 e5 14.Ba3 Re8 15.d5 
cxd5 16.c5 Nd7 17.Qxd5 Nb8 18.Nb5 Nc6 19.Qxd8 Bxd8 20.Bb2 Re7 21.Nd6 Bc7 
22.Rfe1 Rb8 23.Bc3 f6 24.b4 Bd7 25.Rad1 Bxd6 26.Rxd6 a6 27.f4 Rbe8 28.fxe5
fxe5 29.Bd5+ Kh8 30.Be4 Nd8 31.h4 Bc6 32.Kg2 Kg8 33.Bxc6 Nxc6 34.Re4 Rf8 
35.a4 Ref7 36.b5 axb5 37.axb5 Na7 38.Rb6 Nc8 39.Re6 Rf2+ 40.Kh3 Rc2 41.Bb4
h5 42.R6xe5 g6 43.Re8 1-0

[Event "7th Asia-ch"]
[Site "Subic Bay PHI"]
[Date "2009.05.14"]
[Round "2"]
[White "Wan Yunguo"]
[Black "Sandipan, Chanda"]
[Result "0-1"]
[WhiteElo "2434"]
[BlackElo "2558"]
[EventDate "2009.05.13"]
[PlyCount "74"]

1.e4 c5 2.Nf3 d6 3.d4 cxd4 4.Nxd4 Nf6 5.Nc3 e6 6.g3 a6 7.Bg2 Qc7 8.O-O Nc6
9.Re1 Bd7 10.a4 Nxd4 11.Qxd4 Be7 12.Be3 O-O 13.h3 e5 14.Qb6 Qxb6 15.Bxb6 
Rac8 16.Red1 Rc4 17.a5 Rfc8 18.Rd2 Be6 19.f3 h6 20.Bf1 Rb4 21.Nd1 d5 22.
exd5 Bxd5 23.c3 Rxb6 24.axb6 Bxf3 25.Bg2 Bc5+ 26.Kh2 e4 27.Bxf3 exf3 28.
Rd3 Re8 29.Rxf3 Re2+ 30.Kh1 Ne4 31.c4 Re1+ 32.Kh2 Bxb6 33.h4 h5 34.Rb3 
Re2+ 35.Kh1 Nd2 36.Nc3 Nxb3 37.Ra3 Rxb2 0-1

[Event "7th Asia-ch"]
[Site "Subic Bay PHI"]
[Date "2009.05.14"]
[Round "2"]
[White "Li Shilong"]
[Black "Sadorra, Julio Catalino"]
[Result "1-0"]
[WhiteElo "2557"]
[BlackElo "2451"]
[EventDate "2009.05.13"]
[PlyCount "47"]

1.d4 Nf6 2.c4 e6 3.Nf3 c5 4.d5 b5 5.dxe6 fxe6 6.cxb5 d5 7.Nc3 Bd6 8.e4 Be7
9.Bd3 Qc7 10.O-O d4 11.e5 Nfd7 12.Ne4 Nb6 13.Bg5 O-O 14.Rc1 Bb7 15.Nxd4 
Bxe4 16.Bxe4 Bxg5 17.Nxe6 Qxe5 18.Bxh7+ Kxh7 19.Qh5+ Kg8 20.Nxg5 Rf5 21.
Qh7+ Kf8 22.Qh8+ Ke7 23.Rce1 Rxg5 24.f4 1-0

[Event "7th Asia-ch"]
[Site "Subic Bay PHI"]
[Date "2009.05.14"]
[Round "2"]
[White "Djao Thien Hai"]
[Black "Batchuluun, Cegmed"]
[Result "1-0"]
[WhiteElo "2546"]
[BlackElo "2391"]
[EventDate "2009.05.13"]
[PlyCount "83"]

1.d4 Nf6 2.c4 e6 3.Nf3 b6 4.g3 Ba6 5.Qc2 Bb7 6.Bg2 c5 7.O-O cxd4 8.Nxd4 
Bxg2 9.Kxg2 Qc8 10.Rd1 Be7 11.f3 O-O 12.e4 Nc6 13.Nc3 a6 14.Nxc6 dxc6 15.
Na4 Qb7 16.Be3 b5 17.Nc5 Bxc5 18.Bxc5 Rfd8 19.b3 Ne8 20.Rac1 f6 21.Rd3 Qc7
22.Rcd1 e5 23.Qd2 Rxd3 24.Qxd3 Rc8 25.Qd7 Qxd7 26.Rxd7 bxc4 27.bxc4 Rc7 
28.Rd8 Kf7 29.Ra8 g6 30.Rxa6 Ke6 31.Ra8 Nd6 32.a4 Nxc4 33.a5 Nxa5 34.Rxa5 
Rb7 35.Ra7 Rb2+ 36.Kh3 f5 37.Re7+ Kf6 38.Rxh7 fxe4 39.fxe4 Re2 40.Rc7 Rxe4
41.Rxc6+ Kf7 42.Bb6 1-0

[Event "7th Asia-ch"]
[Site "Subic Bay PHI"]
[Date "2009.05.14"]
[Round "2"]
[White "Moradiabadi, Elshan"]
[Black "Celis, Solomon"]
[Result "1-0"]
[WhiteElo "2526"]
[BlackElo "2007"]
[EventDate "2009.05.13"]
[PlyCount "45"]

1.e4 d6 2.Nc3 Nf6 3.f4 e5 4.Nf3 Nbd7 5.Bc4 Be7 6.O-O c6 7.d3 b5 8.Bb3 Nc5 
9.fxe5 dxe5 10.Kh1 Nxb3 11.axb3 Ng4 12.h3 h5 13.Qe1 f5 14.exf5 Bxf5 15.
Nxe5 Qd6 16.Rxf5 g6 17.Ne4 Qe6 18.Nxg6 Qxg6 19.Bg5 Kd7 20.Qf1 Raf8 21.
Rxa7+ Kc8 22.Qf4 Bd6 23.Nxd6+ 1-0

[Event "7th Asia-ch"]
[Site "Subic Bay PHI"]
[Date "2009.05.14"]
[Round "2"]
[White "Novita, Anjas"]
[Black "Rahman, Ziaur"]
[Result "1/2-1/2"]
[WhiteElo "2345"]
[BlackElo "2523"]
[EventDate "2009.05.13"]
[PlyCount "119"]

1.e4 e5 2.Nf3 Nc6 3.Bb5 a6 4.Ba4 Nf6 5.O-O Be7 6.Re1 b5 7.Bb3 d6 8.c3 Na5 
9.Bc2 c5 10.d4 Qc7 11.d5 O-O 12.Nbd2 Bd7 13.Nf1 Nc4 14.Ng3 g6 15.h3 Ne8 
16.Nh2 Ng7 17.b3 Nb6 18.Bh6 a5 19.Rf1 c4 20.b4 axb4 21.cxb4 f6 22.a3 Ra6 
23.h4 Qa7 24.Qf3 Ra8 25.Ng4 Ne8 26.Be3 Qb8 27.h5 Rxa3 28.Rxa3 Rxa3 29.hxg6
hxg6 30.Nh5 gxh5 31.Nh6+ Kh7 32.Qxh5 Ng7 33.Qh4 Qe8 34.g4 f5 35.g5 f4 36.
Nf5+ Qh5 37.g6+ Kxg6 38.Qxe7 Qg5+ 39.Qxg5+ Kxg5 40.Bxb6 Nxf5 41.exf5 Bxf5 
42.Bxf5 Kxf5 43.Bc7 Ra6 44.f3 e4 45.fxe4+ Kxe4 46.Re1+ Kxd5 47.Rd1+ Ke5 
48.Re1+ Kd4 49.Rd1+ Ke3 50.Bxd6 c3 51.Re1+ Kd2 52.Re6 Kd3 53.Rh6 Kc4 54.
Kf2 Ra2+ 55.Kf3 c2 56.Bxf4 Kxb4 57.Ke4 Ra1 58.Rc6 Kb3 59.Kd3 Rd1+ 60.Bd2 
1/2-1/2

[Event "7th Asia-ch"]
[Site "Subic Bay PHI"]
[Date "2009.05.14"]
[Round "2"]
[White "Ghaem Maghami, Ehsan"]
[Black "Yu Yangyi"]
[Result "1/2-1/2"]
[WhiteElo "2593"]
[BlackElo "2433"]
[EventDate "2009.05.13"]
[PlyCount "97"]

1.c4 e6 2.Nf3 d5 3.g3 Nf6 4.Bg2 c6 5.Qc2 dxc4 6.Qxc4 b5 7.Qb3 Bb7 8.d4 a6 
9.a4 c5 10.axb5 Bd5 11.Qc2 Be4 12.Qd1 axb5 13.Rxa8 Bxa8 14.O-O Nbd7 15.Bg5
Be7 16.dxc5 Bxc5 17.Qd3 Qb6 18.Bxf6 Nxf6 19.Nc3 O-O 20.Qxb5 Qxb5 21.Nxb5 
Rb8 22.Rc1 Rxb5 23.Nd4 Rxb2 24.Rxc5 Rb8 25.Bxa8 Rxa8 26.Rc7 g6 27.f3 Rd8 
28.Nc6 Rd7 29.Rc8+ Kg7 30.Kf2 Nd5 31.Ne5 Rc7 32.Rxc7 Nxc7 33.Nc6 f5 34.Ke3
Kf6 35.Kd4 Nb5+ 36.Kc4 Nd6+ 37.Kc5 Nf7 38.Kd4 h5 39.e4 fxe4 40.fxe4 Nh6 
41.e5+ Kf5 42.h3 h4 43.Ne7+ Kg5 44.gxh4+ Kh5 45.Kc5 Nf7 46.Kc6 Nxe5+ 47.
Kd6 Nf3 48.Kxe6 Kxh4 49.Nxg6+ 1/2-1/2

[Event "7th Asia-ch"]
[Site "Subic Bay PHI"]
[Date "2009.05.14"]
[Round "2"]
[White "Nguyen Van Huy"]
[Black "Al-Modiahki, Mohamad"]
[Result "1/2-1/2"]
[WhiteElo "2423"]
[BlackElo "2585"]
[EventDate "2009.05.13"]
[PlyCount "117"]

1.e4 c5 2.Nf3 d6 3.d4 cxd4 4.Nxd4 Nf6 5.Nc3 g6 6.Be3 Bg7 7.f3 O-O 8.Qd2 
Nc6 9.Bc4 Bd7 10.O-O-O Rb8 11.Bb3 Na5 12.Bh6 Bxh6 13.Qxh6 b5 14.h4 e5 15.
Nde2 b4 16.Nd5 Nxb3+ 17.cxb3 Nxd5 18.Rxd5 Be6 19.Rd2 Rb6 20.Kb1 Ra6 21.Nc1
d5 22.h5 Qf6 23.hxg6 Qxg6 24.Qxg6+ hxg6 25.exd5 Rd6 26.Rhd1 Bf5+ 27.Ka1 
Rc8 28.a3 a5 29.g4 Bc2 30.Re1 f6 31.Ree2 Bf5 32.Na2 Bd7 33.axb4 axb4 34.
Nxb4 Rc1+ 35.Ka2 Bb5 36.Re3 Rc8 37.Rc3 Ra8+ 38.Kb1 g5 39.Nc2 Be8 40.Ne3 
Bg6+ 41.Nf5 Bxf5+ 42.gxf5 Ra5 43.b4 Raxd5 44.Rxd5 Rxd5 45.Rb3 Kf7 46.Kc2 
Ke7 47.Rd3 Rb5 48.Kb3 Rb8 49.Rd5 e4 50.fxe4 g4 51.Rd2 g3 52.Rg2 Rg8 53.Kc4
Kd6 54.Kd4 Rb8 55.Rd2 Ke7 56.Ke3 Rxb4 57.Kf3 Rb3+ 58.Kf4 Kf7 59.Rg2 
1/2-1/2

[Event "7th Asia-ch"]
[Site "Subic Bay PHI"]
[Date "2009.05.14"]
[Round "2"]
[White "Dimakiling, Oliver"]
[Black "Zhou Weiqi"]
[Result "1/2-1/2"]
[WhiteElo "2426"]
[BlackElo "2563"]
[EventDate "2009.05.13"]
[PlyCount "86"]

1.d4 Nf6 2.Nf3 e6 3.c4 c5 4.Nc3 cxd4 5.Nxd4 Nc6 6.g3 Bc5 7.Nb3 Be7 8.Bg2 
b6 9.O-O Ba6 10.Nb5 Rc8 11.a4 O-O 12.e4 Ne5 13.N3d4 Nxc4 14.b3 Ne5 15.Bb2 
Nc6 16.Re1 Bb4 17.Re3 Bc5 18.e5 Nd5 19.Bxd5 exd5 20.Nd6 Rc7 21.N4f5 Bxe3 
22.Nxe3 d4 23.Bxd4 Nxd4 24.Qxd4 Qg5 25.h4 Qh6 26.b4 Be2 27.Re1 Bf3 28.Ndf5
Qe6 29.Qf4 Ba8 30.Qg5 g6 31.Ng4 f6 32.Nxf6+ Kh8 33.Qh6 Rf7 34.Nxh7 Rxh7 
35.Qf8+ Qg8 36.Qf6+ Rg7 37.Nxg7 Qxg7 38.Qd8+ Qg8 39.Qxc7 Qd5 40.Qd8+ Kh7 
41.Qe7+ Kg8 42.Qd8+ Kh7 43.Qe7+ Kg8 1/2-1/2

[Event "7th Asia-ch"]
[Site "Subic Bay PHI"]
[Date "2009.05.14"]
[Round "2"]
[White "Hossain, Enamul"]
[Black "Xiu Deshun"]
[Result "0-1"]
[WhiteElo "2531"]
[BlackElo "2422"]
[EventDate "2009.05.13"]
[PlyCount "72"]

1.e4 c5 2.Nf3 d6 3.d4 cxd4 4.Nxd4 Nf6 5.Nc3 a6 6.Bg5 e6 7.f4 Qb6 8.Qd2 
Qxb2 9.Rb1 Qa3 10.e5 dxe5 11.fxe5 Nfd7 12.Ne4 Qxa2 13.Rb3 Qa4 14.Be2 Nc6 
15.Nxe6 fxe6 16.Nf6+ gxf6 17.exf6 Qa1+ 18.Bd1 Qe5+ 19.Re3 Bb4 20.c3 Bxc3 
21.f7+ Kf8 22.Bh6+ Ke7 23.Qxc3 Qxc3+ 24.Rxc3 Kxf7 25.Rg3 Ke7 26.O-O Kd6 
27.Rd3+ Kc7 28.Rf7 a5 29.Ba4 b5 30.Bxb5 Ne5 31.Bf4 Kb6 32.Rb3 Nxf7 33.
Bxd7+ Kc5 34.Ba4 Ba6 35.Be3+ Kd5 36.Rb6 Ne5 0-1

[Event "7th Asia-ch"]
[Site "Subic Bay PHI"]
[Date "2009.05.14"]
[Round "2"]
[White "Murshed, Niaz"]
[Black "Antonio, Rogelio jr"]
[Result "1/2-1/2"]
[WhiteElo "2407"]
[BlackElo "2518"]
[EventDate "2009.05.13"]
[PlyCount "44"]

1.d4 Nf6 2.c4 e6 3.Nc3 c5 4.d5 exd5 5.cxd5 d6 6.Nf3 g6 7.g3 Bg7 8.Bg2 O-O 
9.O-O Na6 10.h3 Re8 11.Re1 Nc7 12.e4 h6 13.a4 Na6 14.Nd2 Nd7 15.Nc4 Nb6 
16.Ne3 Bd7 17.a5 Nc8 18.Nc4 g5 19.Be3 Nc7 20.f4 Nb5 21.fxg5 hxg5 22.Qh5 f6
1/2-1/2

[Event "7th Asia-ch"]
[Site "Subic Bay PHI"]
[Date "2009.05.14"]
[Round "2"]
[White "Nguyen Anh Dung"]
[Black "Olay, Edgar Reggie"]
[Result "1/2-1/2"]
[WhiteElo "2518"]
[BlackElo "2348"]
[EventDate "2009.05.13"]
[PlyCount "60"]

1.d4 d5 2.c4 dxc4 3.Nf3 c6 4.e3 Be6 5.Be2 Nf6 6.O-O g6 7.a4 Bg7 8.Na3 c5 
9.Bxc4 Bxc4 10.Nxc4 cxd4 11.Nxd4 O-O 12.Qe2 Nbd7 13.Rd1 Rc8 14.Bd2 Qc7 15.
Rac1 Qb8 16.Bb4 Rfe8 17.h3 Ne5 18.Ba3 Ne4 19.Nxe5 Rxc1 20.Rxc1 Bxe5 21.Qc2
Nf6 22.Nf3 Bd6 23.Bxd6 Qxd6 24.Nd4 Rd8 25.Qc7 Qxc7 26.Rxc7 Rd7 27.Rc2 Nd5 
28.Kf1 Kg7 29.Ke2 Kf6 30.Rc5 h6 1/2-1/2

[Event "7th Asia-ch"]
[Site "Subic Bay PHI"]
[Date "2009.05.14"]
[Round "2"]
[White "Causo, Deniel"]
[Black "Kunte, Abhijit"]
[Result "1/2-1/2"]
[WhiteElo "2367"]
[BlackElo "2513"]
[EventDate "2009.05.13"]
[PlyCount "89"]

1.e4 c5 2.c3 d5 3.exd5 Qxd5 4.d4 g6 5.Nf3 Bg7 6.Be2 cxd4 7.cxd4 Nf6 8.Nc3 
Qa5 9.O-O O-O 10.Ne5 Nc6 11.Nc4 Qd8 12.d5 Nb4 13.Bf3 Bf5 14.Ne3 Bd3 15.Re1
Ba6 16.Be2 Bxe2 17.Rxe2 Rc8 18.a3 Na6 19.Nf1 Nc7 20.Rd2 Qd6 21.Qb3 Na6 22.
Rd1 Nc5 23.Qb4 Qa6 24.Nb5 Rfd8 25.Ne3 Qb6 26.Nc4 Qa6 27.Ne3 Nfe4 28.Nc4 
Qa4 29.Be3 Qxb4 30.axb4 Nb3 31.Ra3 Rxc4 32.Rxb3 a6 33.Na3 Rcc8 34.f3 Nd6 
35.b5 axb5 36.Nxb5 Nc4 37.Bg5 Rd7 38.Bc1 h5 39.Nc3 Rc5 40.Kf2 Ra5 41.Rb4 
Rc5 42.Ne4 Rc8 43.b3 Ne5 44.Ba3 Rc2+ 45.Kf1 1/2-1/2

[Event "7th Asia-ch"]
[Site "Subic Bay PHI"]
[Date "2009.05.14"]
[Round "2"]
[White "Hoang Canh Huan"]
[Black "Tu Hoang Thong"]
[Result "0-1"]
[WhiteElo "2378"]
[BlackElo "2506"]
[EventDate "2009.05.13"]
[PlyCount "150"]

1.c4 e6 2.Nf3 d5 3.b3 Nf6 4.g3 Be7 5.Bb2 O-O 6.Bg2 c5 7.O-O Nc6 8.cxd5 
exd5 9.d4 Bg4 10.dxc5 Bxc5 11.Nc3 Re8 12.Rc1 Bf8 13.h3 Bh5 14.Nb5 Ne4 15.
Nbd4 Rc8 16.Nxc6 bxc6 17.Ne5 Qa5 18.Nxc6 Qxa2 19.Qxd5 Bg6 20.Qd4 Qa6 21.
Ne5 Bc5 22.Rxc5 Nxc5 23.Nxf7 Ne6 24.Nh6+ Kh8 25.Qe5 Rc5 26.Qe3 Rc2 27.Be5 
Rxe2 28.Qc3 Rc8 29.Qa1 Qb5 30.Ng4 Qxb3 31.Qxa7 Ra2 32.Qe7 Re8 33.Qd6 Qa3 
34.Qd5 Qa5 35.Qc6 Rc2 36.Qd6 Rd2 37.Qc6 Rc2 38.Qd6 Rd2 39.Qc6 Qc5 40.Rc1 
Qxc6 41.Rxc6 h5 42.Ne3 Kh7 43.h4 Nd4 44.Rc5 Nb3 45.Rb5 Nc1 46.g4 hxg4 47.
Nxg4 Bf5 48.Bf3 Bd7 49.Ra5 Nb3 50.Bc3 Rd3 51.Rh5+ Kg8 52.Bd5+ Be6 53.Bxe6+
Rxe6 54.Be5 Rg6 55.Rg5 Rxg5 56.hxg5 Nd4 57.Kg2 Nf3 58.Bf4 Nh4+ 59.Kh2 Rb3 
60.Ne3 Kf7 61.Kg3 Nf5+ 62.Kg4 Nxe3+ 63.Bxe3 g6 64.Kf4 Ke6 65.Ke4 Rb4+ 66.
Kf3 Kf5 67.Kg3 Ke4 68.Kg2 Rb1 69.Bd2 Ra1 70.Be3 Rd1 71.Bb6 Kf4 72.Be3+ Kg4
73.f3+ Kh4 74.Kf2 Ra1 75.Bf4 Ra3 0-1

[Event "7th Asia-ch"]
[Site "Subic Bay PHI"]
[Date "2009.05.14"]
[Round "2"]
[White "Mahjoob, Morteza"]
[Black "Abu Sufian, Shakil"]
[Result "1/2-1/2"]
[WhiteElo "2498"]
[BlackElo "2378"]
[EventDate "2009.05.13"]
[PlyCount "62"]

1.e4 c5 2.Nf3 Nc6 3.Bb5 d6 4.O-O Bd7 5.Re1 Nf6 6.c3 a6 7.Bf1 Bg4 8.d3 e6 
9.Nbd2 Be7 10.h3 Bh5 11.g4 Bg6 12.Nh4 Nd7 13.Nxg6 hxg6 14.f4 Bh4 15.Re2 g5
16.Nf3 gxf4 17.Nxh4 Qxh4 18.Bxf4 e5 19.Bh2 Nf8 20.a3 a5 21.b4 axb4 22.axb4
Rxa1 23.Qxa1 cxb4 24.Qa8+ Qd8 25.Qxb7 Qd7 26.Qa8+ Ke7 27.cxb4 Nxb4 28.d4 
Ng6 29.Qa3 Nc6 30.dxe5 Ngxe5 31.Rb2 Rc8 1/2-1/2

[Event "7th Asia-ch"]
[Site "Subic Bay PHI"]
[Date "2009.05.14"]
[Round "2"]
[White "Deepan Chakravarthy, Jeyakumar"]
[Black "Yu Lie"]
[Result "1/2-1/2"]
[WhiteElo "2482"]
[BlackElo "2307"]
[EventDate "2009.05.13"]
[PlyCount "66"]

1.e4 c5 2.Nf3 Nc6 3.d4 cxd4 4.Nxd4 Nf6 5.Nc3 e5 6.Ndb5 d6 7.Bg5 a6 8.Na3 
b5 9.Nd5 Be7 10.Bxf6 Bxf6 11.c4 b4 12.Nc2 a5 13.Be2 O-O 14.O-O Bg5 15.Qd3 
Be6 16.Rfd1 Bxd5 17.cxd5 Nb8 18.a3 Na6 19.axb4 Nxb4 20.Nxb4 axb4 21.g3 Qb8
22.Kg2 g6 23.h4 Bh6 24.Bg4 Qb6 25.Qc2 Rfb8 26.Rxa8 Rxa8 27.Qc6 Qb8 28.Rd3 
Ra7 29.h5 Bf8 30.hxg6 hxg6 31.Rf3 Rc7 32.Qa4 Ra7 33.Qc6 Rc7 1/2-1/2

[Event "7th Asia-ch"]
[Site "Subic Bay PHI"]
[Date "2009.05.14"]
[Round "2"]
[White "Bitoon, Richard"]
[Black "Garcia, Jan Emmanuel"]
[Result "1-0"]
[WhiteElo "2479"]
[BlackElo "2292"]
[EventDate "2009.05.13"]
[PlyCount "87"]

1.e4 d6 2.d4 Nf6 3.Nc3 g6 4.Be3 c6 5.Qd2 b5 6.Bd3 Nbd7 7.Nf3 e5 8.O-O Bg7 
9.dxe5 dxe5 10.a4 b4 11.Ne2 Qe7 12.c3 c5 13.cxb4 cxb4 14.Rfc1 O-O 15.Rc7 
Qd6 16.Rac1 Ba6 17.Ne1 Bxd3 18.R1c6 Qxc6 19.Rxc6 Bxe4 20.Rc7 Nb6 21.Ng3 
Rfd8 22.Qe2 Nbd5 23.Rc1 Nxe3 24.Nxe4 Nf5 25.Nxf6+ Bxf6 26.Rc7 Rac8 27.Rxc8
Rxc8 28.h3 Nd4 29.Qa6 Rc6 30.Qxa7 b3 31.Nf3 Kg7 32.Qb8 Ne2+ 33.Kh2 e4 34.
Ne5 Re6 35.Ng4 Bxb2 36.Qxb3 Bf6 37.Nxf6 Rxf6 38.Qb2 Nf4 39.a5 Nd3 40.Qd4 
Nxf2 41.a6 e3 42.a7 e2 43.Qe5 Nd3 44.Qxe2 1-0